Derecho, proceso y economía. Una introducción al Análisis económico del Derecho procesal civil.
محفوظ في:
| المؤلف الرئيسي: | |
|---|---|
| مؤلفون آخرون: | , |
| التنسيق: | غير معروف |
| اللغة: | الإنجليزية |
| منشور في: |
Madrid, España:
Marcial Pons,
2022.
|
| الموضوعات: | |
| الوسوم: |
إضافة وسم
لا توجد وسوم, كن أول من يضع وسما على هذه التسجيلة!
|
MARC
| LEADER | 00000 a2200000 4500 | ||
|---|---|---|---|
| 003 | CL-VaPUC | ||
| 005 | 20240923135729.0 | ||
| 008 | 220422b ||||| |||| 00| 0 eng d | ||
| 999 | |c 435485 |d 435483 | ||
| 020 | |a 9788413813585 | ||
| 040 | |c Pontificia Universidad Católica de Valparaíso | ||
| 082 | 7 | |a 347.05 NUÑ 2022 |2 22 | |
| 100 | |a Núñez Ojeda, Raúl Eduardo |e autor |9 596772 | ||
| 245 | |a Derecho, proceso y economía. |b Una introducción al Análisis económico del Derecho procesal civil. | ||
| 260 | |a Madrid, España: |b Marcial Pons, |c 2022. | ||
| 300 | |a 241 páginas | ||
| 583 | |k Cristina María Rojas Aguilar |c 20220422 | ||
| 650 | 0 | |a Análisis económico del derecho |9 588117 | |
| 650 | 0 | |a Derecho procesal civil |9 258071 | |
| 650 | 0 | |a Jurisdicción |9 255090 | |
| 700 | |a Carrasco Delgado, Nicolás |9 574520 |e autor | ||
| 700 | |a Ramos Méndez, Francisco |e prólogo |9 868876 | ||
| 942 | |2 ddc |c BK | ||
| 952 | |0 0 |1 0 |2 ddc |4 0 |6 347_050000000000000_NUÑ_2022 |7 0 |8 A |9 582858 |a BIBDER |b BIBDER |d 2022-05-03 |e 2 |g 71766.00 |i 5651034 |l 19 |m 7 |o 347.05 NUÑ 2022 |p 5651034 |r 2025-04-07 |s 2025-04-01 |t 1 |v 71766.00 |w 2022-05-03 |y BK |k DER | ||
| 952 | |0 0 |1 0 |2 ddc |4 0 |6 347_050000000000000_NUÑ_2022 |7 0 |8 A |9 583028 |a BIBDER |b BIBDER |d 2022-05-12 |e 36 |g 70000.00 |i 5651190 |l 12 |m 1 |o 347.05 NUÑ 2022 |p 5651190 |r 2024-08-21 |s 2024-08-13 |t 5 |v 70000.00 |w 2022-05-12 |y BK |k DER | ||
| 952 | |0 0 |1 0 |2 ddc |4 0 |5 1 |6 347_050000000000000_NUÑ_2022 |7 1 |8 C_LRYV |9 583029 |a FDOBRV |b BIBDER |d 2022-05-12 |e 36 |g 70000.00 |i 5651194 |l 9 |m 2 |o 347.05 NUÑ 2022 |p 5651194 |r 2024-04-03 |s 2024-03-19 |t 9 |v 70000.00 |w 2022-05-12 |y BK |k BRV | ||
| 952 | |0 0 |1 0 |2 ddc |4 0 |6 347_050000000000000_NUÑ_2022 |7 0 |8 A |9 583030 |a BIBDER |b BIBDER |d 2022-05-12 |e 36 |g 70000.00 |i 5651192 |l 20 |m 5 |o 347.05 NUÑ 2022 |p 5651192 |r 2025-04-29 |s 2025-04-22 |t 7 |v 70000.00 |w 2022-05-12 |y BK |k DER | ||
| 952 | |0 0 |1 0 |2 ddc |4 0 |6 347_050000000000000_NUÑ_2022 |7 0 |8 A |9 583031 |a BIBDER |b BIBDER |d 2022-05-12 |e 36 |g 70000.00 |i 5651193 |l 14 |m 3 |o 347.05 NUÑ 2022 |p 5651193 |r 2024-09-02 |s 2024-08-20 |t 8 |v 70000.00 |w 2022-05-12 |y BK |k DER | ||
| 952 | |0 0 |1 0 |2 ddc |4 0 |6 347_050000000000000_NUÑ_2022 |7 0 |8 A |9 583032 |a BIBDER |b BIBDER |d 2022-05-12 |e 36 |g 70000.00 |i 5651191 |l 9 |o 347.05 NUÑ 2022 |p 5651191 |r 2024-10-22 |s 2024-08-27 |t 6 |v 70000.00 |w 2022-05-12 |y BK |k DER | ||
| 952 | |0 0 |1 0 |2 ddc |4 0 |6 347_050000000000000_NUÑ_2022 |7 0 |8 A |9 583033 |a BIBDER |b BIBDER |d 2022-05-12 |e 36 |g 70000.00 |i 5651188 |l 16 |m 1 |o 347.05 NUÑ 2022 |p 5651188 |r 2024-10-22 |s 2024-10-09 |t 3 |v 70000.00 |w 2022-05-12 |y BK |k DER | ||
| 952 | |0 0 |1 0 |2 ddc |4 0 |6 347_050000000000000_NUÑ_2022 |7 0 |8 A |9 583034 |a BIBDER |b BIBDER |d 2022-05-12 |e 36 |g 70000.00 |i 5651189 |l 19 |m 9 |o 347.05 NUÑ 2022 |p 5651189 |r 2024-12-02 |s 2024-11-27 |t 4 |v 70000.00 |w 2022-05-12 |y BK |k DER | ||
| 952 | |0 0 |1 0 |2 ddc |4 0 |6 347_050000000000000_NUÑ_2022 |7 0 |8 A |9 583035 |a BIBDER |b BIBDER |d 2022-05-12 |e 36 |g 70000.00 |i 5651195 |l 11 |o 347.05 NUÑ 2022 |p 5651195 |r 2025-04-28 |s 2025-04-14 |t 10 |v 70000.00 |w 2022-05-12 |y BK |k DER | ||
| 952 | |0 0 |1 0 |2 ddc |4 0 |6 347_050000000000000_NUÑ_2022 |7 0 |8 A |9 583036 |a BIBDER |b BIBDER |d 2022-05-12 |e 36 |g 70000.00 |i 5651187 |l 14 |m 5 |o 347.05 NUÑ 2022 |p 5651187 |r 2024-10-28 |s 2024-10-11 |t 2 |v 70000.00 |w 2022-05-12 |y BK |k DER | ||